Sports Quiz

Random Sports Quiz

Formula 1 2015: Top 10 Quiz Stats

 Plays Quiz not verified by Sporcle

Challenge
Share
Tweet
Embed
Score 0/40 Timer 06:00
0 Plays Today
Hint Answer % Correct
AUSLewis Hamilton
100%
AUSNico Rosberg
100%
MALLewis Hamilton
100%
MALNico Rosberg
100%
CHNLewis Hamilton
100%
CHNNico Rosberg
100%
BHRLewis Hamilton
100%
BHRNico Rosberg
100%
AUSSebastian Vettel
98.9%
MALSebastian Vettel
98.9%
CHNSebastian Vettel
98.9%
BHRSebastian Vettel
98.9%
MALKimi Raikkonen
98.4%
CHNKimi Raikkonen
98.4%
BHRKimi Raikkonen
98.4%
AUSFelipe Massa
96.8%
MALFelipe Massa
96.8%
CHNFelipe Massa
96.8%
BHRFelipe Massa
96.8%
AUSDaniel Ricciardo
96.3%
Hint Answer % Correct
MALDaniel Ricciardo
96.3%
CHNDaniel Ricciardo
96.3%
BHRDaniel Ricciardo
96.3%
MALValtteri Bottas
93.6%
CHNValtteri Bottas
93.6%
BHRValtteri Bottas
93.6%
MALMax Verstappen
92%
AUSSergio Perez
91.4%
BHRSergio Perez
91.4%
AUSNico Hulkenberg
90.9%
MALDaniil Kvyat
88.2%
BHRDaniil Kvyat
88.2%
CHNRomain Grosjean
87.2%
BHRRomain Grosjean
87.2%
AUSCarlos Sainz jr.
86.6%
MALCarlos Sainz jr.
86.6%
AUSFelipe Nasr
78.6%
CHNFelipe Nasr
78.6%
AUSMarcus Ericsson
74.9%
CHNMarcus Ericsson
74.9%

You're not logged in!

Compare scores with friends on all Sporcle quizzes.
OR
Log In

You Might Also Like...

Show Comments

Extras

Created May 2, 2015ReportNominate
Tags:2015, formula, Formula 1, Top 10

Top Quizzes Today


Score Distribution

Your Account Isn't Verified!

In order to create a playlist on Sporcle, you need to verify the email address you used during registration. Go to your Sporcle Settings to finish the process.

Report this User

Report this user for behavior that violates our Community Guidelines.

Details: